| 000 | 00991nam1a22002291i 4500 | ||
|---|---|---|---|
| 001 | rc\3035560 | ||
| 005 | 20240726043310.0 | ||
| 035 | _a(NLR Aleph) 007176202 | ||
| 090 |
_a7395792 _c7395792 |
||
| 100 | _a20111004d1935 |||y0rusy50 ca | ||
| 101 | 0 | _arus | |
| 102 | _aRU | ||
| 105 | _ay z ||||| | ||
| 200 | 1 |
_aТруды Терско-Кумской опытно-мелиоративной станции _eТ. 1- _fПод ред. проф. Б.А. Шумакова _gУпр. системы Терских каналов "Терстрой" и Сев.-Кав. науч.-исслед. ин-т гидротехники и мелиорации |
|
| 210 |
_aПятигорск _cСев. Кав. краевое гос. изд-во _d1935 |
||
| 215 | _d23 см | ||
| 702 | 1 |
_aШумаков _bБ.А. _4340 |
|
| 710 | 0 | 2 | _aТерско-Кумская опытно-мелиоративная станция |
| 801 | 0 |
_aRU _bNLR _gpsbo |
|
| 801 | 1 |
_aRU _bELAR _2rusmarc |
|
| 852 |
_aNLR _j35-18/217 |
||
| 942 | _cBOOK | ||